Top Gold Producing Countries - Statistics

General Stats
  • This quiz has been taken 47 times
  • The average score is 11 of 15
Answer Stats
Tonnes Country % Correct
332.0 China
98%
330.9 Russia
98%
186.1 United States
98%
315.1 Australia
93%
192.9 Canada
93%
124.5 Mexico
91%
90.1 Brazil
88%
113.6 South Africa
81%
117.5 Indonesia
67%
127.3 Peru
60%
129.2 Ghana
47%
98.7 Mali
47%
85.1 Sudan
44%
102.8 Burkina Faso
33%
104.9 Uzbekistan
23%
No matching quizzes found
Score Distribution
Percent of People with Each Score
Percentile by Number Answered
Your Score History
You have not taken this quiz